Ciudadanía de las mujeres y rendición de cuentas: Aportes al debate /
El documento pretende entregar materiales de discusión y herramientas de formación orientadas al fortalecimiento de las capacidades de promoción y exigibilidad de la ciudadanía de las mujeres desde una perspectiva de derechos para garantizar la igualdad y equidad de los géneros en Costa Rica.
Gespeichert in:
| Körperschaft: | |
|---|---|
| Format: | Text |
| Sprache: | Spanish |
| Veröffentlicht: |
San José:
INAMU
2004
|
| Schriftenreihe: | Colección Temática
|
| Schlagworte: | |
| Tags: |
Tag hinzufügen
Keine Tags, Fügen Sie den ersten Tag hinzu!
|
MARC
| LEADER | 00000 a a2200000 04500 | ||
|---|---|---|---|
| 001 | 32991 | ||
| 003 | cru CIDCACS/IIS | ||
| 005 | 20230621113547.0 | ||
| 008 | 220331b2004 cr ||||| |||| 00| 0 spa d | ||
| 020 | |a 9968-25-062-7 | ||
| 040 | |c cru IIS | ||
| 090 | |a 04.02.01 I59c | ||
| 110 | |a Instituto Nacional de las Mujeres | ||
| 245 | |a Ciudadanía de las mujeres y rendición de cuentas: |b Aportes al debate / |c Instituto Nacional de las Mujeres | ||
| 260 | |a San José: |b INAMU |c 2004 | ||
| 300 | |a 30 páginas | ||
| 440 | |9 10358 |a Colección Temática |n No.5 | ||
| 520 | |a El documento pretende entregar materiales de discusión y herramientas de formación orientadas al fortalecimiento de las capacidades de promoción y exigibilidad de la ciudadanía de las mujeres desde una perspectiva de derechos para garantizar la igualdad y equidad de los géneros en Costa Rica. | ||
| 650 | |a CUIDADANIA | ||
| 650 | |a PARTICIPACION SOCIAL | ||
| 650 | |a ANALISIS DE GENERO | ||
| 942 | |2 z |c LI |h 04.02.01 I59c |i 00867 |6 040201_I59C_00867 | ||
| 999 | |c 2061 |d 2061 | ||



